| 000 | 00506nam a2200193Ia 4500 | ||
|---|---|---|---|
| 005 | 20240322150541.0 | ||
| 008 | 131103s9999 xx 000 0 und d | ||
| 020 |
_a81-7273-324-0 _cRs.750.00 |
||
| 040 | _aLoreto College | ||
| 041 | _aEnglish | ||
| 082 |
_a155.4 _bRAJ |
||
| 100 | _aRajamanickam, M. | ||
| 245 |
_aBehavioural Problems in Adolescent Period _cM.Rajamanickam |
||
| 260 |
_aDelhi _bAuthors _c2007 |
||
| 300 |
_axii,238p _b ill. |
||
| 650 | _aPsychology | ||
| 850 | _aLCBED | ||
| 942 | _cBK | ||
| 999 |
_c27044 _d77523 |
||